| Tag |
First Indicator |
Second Indicator |
Subfields |
| LEADER |
00000pam a2200000 a 4500 |
| 001 |
in00000084828 |
| 005 |
20151008054403.0 |
| 008 |
810114s1981 enk b 00110 eng |
| 010 |
|
|
|a 81000635
|
| 020 |
|
|
|a 0521238250
|
| 035 |
|
|
|a (OCoLC)07205534
|
| 035 |
|
|
|9 AAJ0507AM
|
| 039 |
0 |
|
|a 2
|b 3
|c 3
|d 3
|e 3
|
| 040 |
|
|
|a DLC
|c DLC
|d TXA
|d UtOrBLW
|
| 049 |
|
|
|a TXAM
|c [985432]
|
| 050 |
0 |
0 |
|a PR3069.L6
|b K5
|
| 082 |
0 |
|
|a 822.3/3
|2 19
|
| 100 |
1 |
|
|a Kirsch, Arthur C.
|
| 245 |
1 |
0 |
|a Shakespeare and the experience of love /
|c Arthur Kirsch.
|
| 264 |
|
1 |
|a Cambridge [England] ;
|a New York :
|b Cambridge University Press,
|c 1981.
|
| 300 |
|
|
|a x, 194 pages ;
|c 22 cm.
|
| 336 |
|
|
|a text
|b txt
|2 rdacontent
|
| 337 |
|
|
|a unmediated
|b n
|2 rdamedia
|
| 338 |
|
|
|a volume
|b nc
|2 rdacarrier
|
| 504 |
|
|
|a Includes bibliographical references and index.
|
| 600 |
1 |
0 |
|a Shakespeare, William,
|d 1564-1616
|x Criticism and interpretation.
|
| 650 |
|
0 |
|a Love in literature.
|
| 999 |
|
|
|a MARS
|
| 999 |
f |
f |
|s ee408e6d-2f90-3965-9433-f952c445cbd7
|i b5b9ca52-6445-3e62-9ca0-e8a5fd736754
|t 0
|
| 952 |
f |
f |
|p normal
|a Texas A&M University
|b College Station
|c Sterling C. Evans Library
|d Evans: Library Stacks
|t 0
|e PR3069.L6 K5
|h Library of Congress classification
|i unmediated -- volume
|m A14806184249
|
| 998 |
f |
f |
|a PR3069.L6 K5
|t 0
|l Evans: Library Stacks
|